Raging bull (Record no. 72351)
[ view plain ]
| 000 -LEADER | |
|---|---|
| fixed length control field | 01361cam a2200241 4500 |
| 001 - CONTROL NUMBER | |
| control field | ABS66516 |
| 008 - FIXED-LENGTH DATA ELEMENTS--GENERAL INFORMATION | |
| fixed length control field | 030326n2003 000 0 eng u |
| 035 ## - SYSTEM CONTROL NUMBER | |
| System control number | (Sirsi) u121738 |
| 100 ## - MAIN ENTRY--PERSONAL NAME | |
| Personal name | Bingham, T. |
| 245 ## - TITLE STATEMENT | |
| Title | Raging bull |
| 260 ## - PUBLICATION, DISTRIBUTION, ETC. | |
| Date of publication, distribution, etc. | 2003 |
| 490 ## - SERIES STATEMENT | |
| Series statement | Building |
| Volume/sequential designation | 258(8273) 7 March 2003, 58-59(2) |
| 520 ## - SUMMARY, ETC. | |
| Summary, etc. | Considers the findings of the Architects Registration Board that an architect was not guilty of charges that he had failed in his professional duties. Reviews the background to "Pearce v Ove Arup Partnerships Ltd" (ChD Abs57376) in which an architect was accused of plagiarising designs for a building in Rotterdam. Looks at the criticisms made by the judge of the conduct of the expert witness. These include claims that he had failed to visit the building in question and had not properly read an important document (please also see Abs65505). View judgment at www.bailii.org |
| 590 ## - LOCAL NOTE (RLIN) | |
| Local note | ABS |
| 650 ## - SUBJECT ADDED ENTRY--TOPICAL TERM | |
| Topical term or geographic name entry element | ARCHITECTS REGISTRATION BOARD |
| 650 ## - SUBJECT ADDED ENTRY--TOPICAL TERM | |
| Topical term or geographic name entry element | PEARCE V OVE ARUP PARTNERSHIP LTD AND OTHERS |
| 650 ## - SUBJECT ADDED ENTRY--TOPICAL TERM | |
| Topical term or geographic name entry element | BUILT ENVIRONMENT-BUILDING INSPECTION |
| 650 ## - SUBJECT ADDED ENTRY--TOPICAL TERM | |
| Topical term or geographic name entry element | EXPERT WITNESSES |
| 650 ## - SUBJECT ADDED ENTRY--TOPICAL TERM | |
| Topical term or geographic name entry element | EXPERT WITNESS REPORT |
| 690 ## - LOCAL SUBJECT ADDED ENTRY--TOPICAL TERM (OCLC, RLIN) | |
| Topical term or geographic name as entry element | DISPUTE RESOLUTION-EXPERT WITNESS-CASE LAW |
| 856 ## - ELECTRONIC LOCATION AND ACCESS | |
| Uniform Resource Identifier | <a href="https://www.bailii.org/cgi-bin/markup.cgi?doc=/ew/cases/EWHC/Ch/2001/455.html&query=Pearce">https://www.bailii.org/cgi-bin/markup.cgi?doc=/ew/cases/EWHC/Ch/2001/455.html&query=Pearce</a> |
| -- | View judgment at Bailii website. |
| 942 ## - ADDED ENTRY ELEMENTS (KOHA) | |
| Suppress in OPAC | 0 |
| Withdrawn status | Lost status | Source of classification or shelving scheme | Damaged status | Not for loan | Home library | Current library | Shelving location | Date acquired | Total Checkouts | Full call number | Barcode | Date last seen | Copy number | Price effective from | Koha item type |
|---|---|---|---|---|---|---|---|---|---|---|---|---|---|---|---|
| Dewey Decimal Classification | London | London | Journal article | 26/03/2003 | ABS66516 | 121738-1001 | 06/08/2019 | 1 | 06/08/2019 | Journal article |